Missing Word: Movies, Books & Music (D) Quiz Stats

 Plays Quiz Updated Jul 18, 2018

Challenge
Share
Tweet
Embed
Score 0/21 Timer 02:00
1 Play Today
Hint Answer % Correct
MusicDay
97.4%
BooksDemons
95.3%
MusicDazed
93.5%
BooksDon
93.4%
MusicDeep
92.7%
MusicDiamonds
89.4%
BooksDown
88.6%
BooksDiaries
87.8%
MoviesDog
87%
MoviesDjango
80.7%
MoviesDollars
76.8%
Hint Answer % Correct
MusicDancing
72.2%
BooksDolls
71.2%
MoviesDuck
70.7%
BooksDetective
67.1%
MoviesDream
66.7%
MoviesDangerous
64.1%
BooksDarkness
61.6%
MusicDedicated
24.2%
MoviesDictator
19.5%
MusicDevils
19.3%

Today's Daily Dose

You're not logged in!

Compare scores with friends on all Sporcle quizzes.
Join for Free
OR
Log In

You Might Also Like...

Show Comments

Extras

Top Quizzes Today


Score Distribution

Your Account Isn't Verified!

In order to create a playlist on Sporcle, you need to verify the email address you used during registration. Go to your Sporcle Settings to finish the process.

Report this User

Report this user for behavior that violates our Community Guidelines.

Details: